| 000 | 00813cab a2200313 4500 | ||
|---|---|---|---|
| 001 | ABS57717 | ||
| 008 | 090401t1997 xxu||||| |||| 00| 0 eng d | ||
| 035 | _a(Sirsi) u81908 | ||
| 041 | _aeng | ||
| 110 |
_aEstates Gazette _9298 |
||
| 245 | _aFocus `97: Industrial and distribution | ||
| 260 | _c1997 | ||
| 350 | _a0 | ||
| 490 |
_aEstates Gazette _v(9744) 1 November 1997, 97-176(24) |
||
| 650 | _aAUTOMATION | ||
| 650 | _aDEVELOPMENT | ||
| 650 | _aDISTRIBUTION MARKET | ||
| 650 | _aHOME SHOPPING | ||
| 650 | _aINDUSTRIAL MARKET | ||
| 650 | _aINVESTMENT | ||
| 650 | _aJUST-IN-TIME DELIVERY | ||
| 650 | _aSAINSBURYS | ||
| 650 | _aSECONDHAND SPACE | ||
| 650 | _aTRANSPORTATION | ||
| 650 | _aWAREHOUSE MARKET | ||
| 690 | _aPROPERTY-COMMERCIAL PROPERTY | ||
| 942 | _n0 | ||
| 948 | _c04/11/1997 | ||
| 999 |
_c51649 _d51649 |
||